| Tag |
First Indicator |
Second Indicator |
Subfields |
| LEADER |
00000cam a2200000 a 4500 |
| 001 |
in00000007020 |
| 005 |
20151004080009.0 |
| 008 |
860904s1987 tnuacfh s00110 eng |
| 010 |
|
|
|a 86014684
|
| 020 |
|
|
|a 0870495240 (alk. paper)
|
| 020 |
|
|
|a 0870495275 (pbk. : alk. paper)
|
| 035 |
|
|
|a (OCoLC)14241617
|
| 035 |
|
|
|9 AAA1483AM
|
| 040 |
|
|
|a DLC
|c DLC
|d m/c
|d TXA
|d UtOrBLW
|
| 043 |
|
|
|a n-us-al
|
| 049 |
|
|
|a TXAM
|c [A12630664]
|
| 050 |
0 |
0 |
|a F334.M79
|b N46 1987
|
| 082 |
0 |
|
|a 976.1/47
|2 19
|
| 100 |
1 |
|
|a Robinson, Jo Ann Gibson,
|d 1912-1992.
|
| 245 |
1 |
4 |
|a The Montgomery bus boycott and the women who started it :
|b the memoir of Jo Ann Gibson Robinson /
|c edited, with a foreword, by David J. Garrow.
|
| 264 |
|
1 |
|a Knoxville :
|b University of Tennessee Press,
|c [1987]
|
| 264 |
|
4 |
|c ©1987
|
| 300 |
|
|
|a xv, 190 pages, 10 unnumbered pages of plates :
|b illustrations, facsimiles, portraits ;
|c 22 cm.
|
| 336 |
|
|
|a text
|b txt
|2 rdacontent
|
| 337 |
|
|
|a unmediated
|b n
|2 rdamedia
|
| 338 |
|
|
|a volume
|b nc
|2 rdacarrier
|
| 500 |
|
|
|a Includes index.
|
| 650 |
|
0 |
|a Segregation in transportation
|z Alabama
|z Montgomery.
|
| 600 |
1 |
0 |
|a Robinson, Jo Ann Gibson,
|d 1912-1992.
|
| 651 |
|
0 |
|a Montgomery (Ala.)
|x Race relations.
|
| 650 |
|
0 |
|a African Americans
|x Civil rights
|z Alabama
|z Montgomery.
|
| 650 |
|
0 |
|a African Americans
|z Alabama
|z Montgomery
|v Biography.
|
| 651 |
|
0 |
|a Montgomery (Ala.)
|v Biography.
|
| 700 |
1 |
|
|a Garrow, David J.,
|d 1953-
|
| 999 |
|
|
|a MARS
|
| 999 |
f |
f |
|s 8c949854-6b60-3840-af96-9de86d059cb6
|i cd11dd1c-7a4d-347e-ba93-e0b596174092
|t 0
|
| 952 |
f |
f |
|p normal
|a Texas A&M University
|b College Station
|c Sterling C. Evans Library
|d Evans: Library Stacks
|t 0
|e F334.M79 N46 1987
|h Library of Congress classification
|i unmediated -- volume
|m A14812630664
|
| 998 |
f |
f |
|a F334.M79 N46 1987
|t 0
|l Evans: Library Stacks
|